000 005810000a22001810004500
003 MACL
005 20160607143953.0
008 160607b xxu||||| |||| 00| 0 eng d
040 _aMACL
_cMACL
041 _aHindi
082 _a920 URM
100 _aउर्मिलेश
_950340
245 _aझेलम किनारे दहकते चिनार
_cउर्मिलेश
260 _bअनामिका पब्लिशर्स
_c2003
_aनई दिल्‍ली
350 _a200
650 _aGeography & Travel
_962694
942 _cHIN
_k910
_2ddc
999 _c10692
_d10692